[Event "IND-ch U15 Girls 38th"]
[Site "New Delhi"]
[Date "2022.11.28"]
[Round "1"]
[White "Prishita, Gupta"]
[Black "Pratibha, Singh"]
[Result "1-0"]
[WhiteElo "1555"]
[BlackElo "1126"]
[PlyCount "91"]
[EventDate "2022.11.28"]
[EventType "swiss"]
[EventRounds "11"]
[EventCountry "IND"]
[SourceTitle "CBM 211 Extra"]
[Source "ChessBase"]
[SourceDate "2023.01.31"]
[SourceVersion "1"]
[SourceVersionDate "2023.01.31"]
[SourceQuality "1"]

1. d4 d5 2. g3 Nc6 3. Bg2 Nf6 4. c4 e6 5. Nf3 a6 6. cxd5 exd5 7. 0-0 Be7 8. Nc3 Bf5 9. Ne5 Qd6 10. Bf4 Qe6 11. Nxc6 bxc6 12. Bxc7 0-0 13. Bf4 h6 14. Rc1 Bd6 15. Bxd6 Qxd6 16. f3 Rfe8 17. e4 dxe4 18. fxe4 Bxe4 19. Rxf6 Qxf6 20. Nxe4 Qe6 21. Qb3 Rab8 22. Qxe6 Rxe6 23. Rc2 Rb6 24. Kf2 f5 25. Nc5 Rd6 26. Ke3 g5 27. b3 a5 28. Na4 Rb4 29. Rc4 Rxc4 30. bxc4 Re6+ 31. Kd3 f4 32. gxf4 gxf4 33. Be4 Rf6 34. Ke2 h5 35. Nc5 Rd6 36. d5 cxd5 37. Bxd5+ Kg7 38. Ne6+ Kf6 39. Nxf4 Kg5 40. c5 Rd7 41. c6 Re7+ 42. Ne6+ Kf6 43. c7 Re8 44. Kd3 Ke5 45. Nd8 Kxd5 46. c8Q 1-0